000 00700nam a2200217 a 4500
003 DO-SdBNP
005 20211020143433.0
007 ta
008 211020e2019 dr a|||gr|||| 001 0 spa d
020 _a9789945096248
040 _aDO-SdBNP
_bspa
_cBNPHU
082 4 _222
_bB259e
110 1 _aBarna Managment School
_980297
245 1 3 _aEl espĂ­ritu emprendedor dominicano y los factores que lo construyen /
_cilustraciones, Ricardo Romero Ojeda
260 _aSanto Domingo :
_bAmigo del Hogar,
_c2019
300 _a229 p. :
_bil. ;
_c31 cm.
504 _aBiografĂ­a: p. 203 -221
590 _aInventariado 2021 / MF
700 1 _aRomero Ojeda, Ricardo
_eilustraciones
_980298
942 _2ddc
_cLBS1
999 _c50793
_d50793